| 000 | 01257nam a22002655a 4500 | ||
|---|---|---|---|
| 003 | OSt | ||
| 005 | 20160925121023.0 | ||
| 008 | 160925s2011 ua fr 000 0 ara d | ||
| 015 | _a2011/7073 | ||
| 040 |
_aEG-ScBUE _bara _cEG-ScBUE |
||
| 043 | _af-ua--- | ||
| 082 | 0 | 4 |
_a347.62014 _bص ي ا _222 |
| 100 | 1 |
_aصياد، حاتم جمال. _941177 |
|
| 245 | 1 | 0 |
_aقواعد تعيين أعضاء الهيئات القضائية ومنازعاتهم أمام المحكمتين الدستورية والإدارية العليا في عشر سنوات 2000-2010 : _bترقيات - تسويات - جزاءات - إنهاء خدمة / _cحاتم جمال الصياد. |
| 250 | _aط. 1. | ||
| 260 |
_a[القاهرة] : _bحاتم جمال الصياد، _c2011. |
||
| 300 |
_a1191 ص. ؛ _c24 سم. |
||
| 610 | 1 | 7 |
_a مصر. _bالمحكمة الدستورية العليا _2BUEsh _941178 |
| 610 | 1 | 7 |
_aمصر. _bالمحكمة الإدارية العليا _2BUEsh _941179 |
| 650 | 7 |
_aالقضاة _xوضع قانوني، قوانين، إلخ. _zمصر _yقرن 21. _2BUEsh _941181 |
|
| 650 | 7 |
_aالقضاء (مهنة) _xقوانين وتشريعات _zمصر _yقرن 21. _2BUEsh _941180 |
|
| 651 | _2BUEsh | ||
| 653 |
_bLLAAWW _cSeptember2016 |
||
| 942 | _2ddc | ||
| 999 |
_c22385 _d22357 |
||